| Tag |
First Indicator |
Second Indicator |
Subfields |
| LEADER |
00000cam a2200000La 4500 |
| 001 |
in00001634813 |
| 005 |
20220105105125.0 |
| 006 |
m u |
| 007 |
cr cn- |
| 008 |
001128s1999 caua sb 000 0 eng d |
| 010 |
|
|
|z 99208512
|
| 020 |
|
|
|a 0585245517 (electronic bk.) :
|c $15.00
|
| 020 |
|
|
|z 0833027190
|
| 035 |
|
|
|a (OCoLC)ocm44964646
|
| 040 |
|
|
|a N$T
|c N$T
|d OCL
|d UtOrBLW
|
| 043 |
|
|
|a n-us-ca
|
| 049 |
|
|
|a IKMN
|
| 050 |
1 |
4 |
|a HV98.C3
|b W45 1999eb
|
| 245 |
0 |
0 |
|a Welfare reform in California :
|b state and county implementation of CalWORKs in the first year /
|c Gail L. Zellman [and others].
|
| 246 |
3 |
|
|a State and county implementation of CalWORKs in the first year
|
| 246 |
3 |
|
|a Rand statewide CalWORKS evaluation
|
| 264 |
|
1 |
|a Santa Monica, CA :
|b Rand,
|c 1999.
|
| 300 |
|
|
|a xxii, 95 pages :
|b illustrations ;
|c 28 cm.
|
| 336 |
|
|
|a text
|b txt
|2 rdacontent
|
| 337 |
|
|
|a computer
|b c
|2 rdamedia
|
| 338 |
|
|
|a online resource
|b cr
|2 rdacarrier
|
| 500 |
|
|
|a "MR-1051-CDSS"--P. [4] of cover.
|
| 500 |
|
|
|a "Prepared for the California Department of Social Services."
|
| 500 |
|
|
|a Accompanied by: Executive summary. xi, 23 pages : ill. ; 28 cm.
|
| 504 |
|
|
|a Includes bibliographical references (pages 89-95).
|
| 533 |
|
|
|a Electronic reproduction.
|b Boulder, Colo. :
|c NetLibrary,
|d 2000.
|n Available via the World Wide Web.
|n Available in multiple electronic file formats.
|n Access may be limited to NetLibrary affiliated libraries.
|
| 500 |
|
|
|a Electronic resource.
|
| 650 |
|
0 |
|a Welfare recipients
|x Employment
|z California.
|0 http://id.loc.gov/authorities/subjects/sh2010118472
|
| 610 |
2 |
0 |
|a California Work Opportunity and Responsibility to Kids (Program)
|0 http://id.loc.gov/authorities/names/n99285799
|
| 650 |
|
0 |
|a Public welfare
|z California.
|0 http://id.loc.gov/authorities/subjects/sh2008110249
|
| 655 |
|
7 |
|a Electronic books.
|2 local
|
| 700 |
1 |
|
|a Zellman, Gail.
|0 http://id.loc.gov/authorities/names/n81056631
|
| 710 |
1 |
|
|a California.
|b Department of Social Services.
|0 http://id.loc.gov/authorities/names/n79035895
|
| 710 |
2 |
|
|a Rand Corporation.
|0 http://id.loc.gov/authorities/names/n78083407
|
| 710 |
2 |
|
|a NetLibrary, Inc.
|0 http://id.loc.gov/authorities/names/no99080690
|
| 776 |
1 |
|
|c Original
|w (DLC) 99208512
|w (OCoLC)41183229
|
| 856 |
4 |
1 |
|u https://proxy.library.tamu.edu/login?url=http://www.netLibrary.com/urlapi.asp?action=summary&v=1&bookid=20515
|z Connect to the full text of this electronic book
|t 0
|
| 994 |
|
|
|a 92
|b IKM
|
| 999 |
|
|
|a MARS
|
| 999 |
f |
f |
|s dba907bd-f44c-3a0f-b745-6e68e5961c2a
|i a768ecbb-56bd-3be8-9b33-8bee2862b8ea
|t 0
|
| 952 |
f |
f |
|a Texas A&M University
|b College Station
|c Electronic Resources
|d Available Online
|t 0
|e HV98.C3 W45 1999eb
|h Library of Congress classification
|
| 998 |
f |
f |
|a HV98.C3 W45 1999eb
|t 0
|l Available Online
|